000
00265nam a2200109Ia 4500
008
220204s9999 xx 000 0 und d
082
_a
327(540:73)
_b
KUN
100
_a
Kunhi Krishnan, T V
245
0
_a
Unfriendly friends
260
_a
Delhi
_b
Hind
_c
1974
942
_c
BK
999
_c
29080
_d
29080